The law of valuation in Scotland

Bibliographic Details
Main Author: Guest, C.W. Graham
Format: Book
Published: Glasgow : William Hodge and Company , 1930
Edition:26th ed.
Subjects:

MARC

LEADER 00000cam a2200000 7i4500
001 0000008063
005 20161121.0
040 |a INS 
090 0 0 |a KDC817   |b G84 1930 
100 1 |a Guest, C.W. Graham 
245 1 4 |a The law of valuation in Scotland   |c C.W. Graham Guest 
250 |a 26th ed. 
260 |a Glasgow :   |b William Hodge and Company ,   |c 1930 
300 |a 300p. ;   |c 26 cm. 
650 0 |a Taxation   |x Law and legislation   |z Scotland 
650 0 0 |a Tax assessment 
650 0 0 |a Taxation   |z Scotland   |x Law and Legislation 
999 |a 0000022555   |b BOOK   |c Open Shelf   |e Default branch